000 03068nam a22004577a 4500
001 12729786
003 OSt
005 20210426111635.0
008 020404s2003 mdu b 001 0 eng
010 _a 2002005351
020 _a0742520625 (cloth : alk. paper)
020 _a0742520633 (pbk. : alk. paper)
040 _aDLC
_cDLC
_dDLC
_beng
041 _aeng
043 _ae------
_aee-----
_ae-ur---
050 0 0 _aD359.7
_b.C85 2002
080 _a94
_bE-95
082 0 0 _a940.2
_221
100 _9797
_aEvtuhov, Catherine
_eEditor
245 0 4 _aThe cultural gradient :
_bthe transmission of ideas in Europe, 1789-1991 /
_c/ by: Rowman & Littlefield Publishers
260 _aLanham
_bRowman & Littlefield Publishers
_cc2003.
300 _avi, 324 p.
_c24 cm.
504 _aIncludes bibliographical references and index.
505 0 _aTranslatio imperii and translatio religionis : the "geography of salvation" in Russian and American messianic thinking / Lawrence Dickey -- The religious Westernism of Ivan Gagarin / Andrzej Walicki -- Guizot in Russia / Catherine Evtuhov -- Alexander Herzen's "Russian socialism" / Natalia Pirumova -- The problem of "Russia and the West" in Russian historiography / Terence Emmons -- William James through a Russian prism : the case of the Moscow God-seekers / Bernice Rosenthal -- Cross-currents of French, Austrian, and Russian security policing, 1750-1900 / Charles Ruud -- Poland Between East and West : law, order and political policing in the Kingdom of Poland, 1815-1914 / Elzbieta Kaczynska -- Terror in Pravda, 1917-1939 / Glennys Young -- Modern times : the Soviet Union and the interwar conjuncture / Stephen Kotkin -- Persistence of the ideals of Soviet socialism in late 20th century Russia / Norman Pereira -- Russia, Europe, and "Western civilization" / Jack Matlock -- A critique of the concept of globalization / Alain Touraine -- Scenes from the Polish hell / Adam Michnik -- Poland, Europe and Russia / Jacques Le Goff -- Foxes into hedgehogs : Berlin and Tolstoy / Hugh McLean -- Martin Malia and the understanding of Russia / Nicholas Riasanovsky.
650 0 _aNationalism
_zEurope, Eastern
_xHistory
_y19th century.
650 0 _aHistory
_9252
650 0 _aNationalism
_zEurope, Eastern
_xHistory
_y20th century.
650 0 _aPhilosophy, Modern
_y19th century.
650 0 _aPhilosophy, Modern
_y20th century.
651 0 _aEurope
_xIntellectual life
_y19th century.
651 0 _aEurope
_xIntellectual life
_y20th century.
651 0 _aSoviet Union
_xIntellectual life
_y1917-1970.
651 0 _aSoviet Union
_xReligion.
653 _aისტორია
700 1 _aEvtuhov, Catherine.
_eEditor
700 1 _aKotkin, Stephen.
_eEditor
856 4 1 _3Table of contents
_uhttp://www.loc.gov/catdir/toc/fy037/2002005351.html
906 _a7
_bcbc
_corignew
_d1
_eecip
_f20
_gy-gencatlg
942 _2udc
_cBK
999 _c1226
_d1226